F1 Las Vegas Grand Prix Turns - Statistics

General Stats
  • This quiz has been taken 6 times
  • The average score is 3 of 17
Answers on the Grid
Answers color-coded by a green-red scale on the quiz's grid according to % correct below.
1 Right
1 Left
2 Right
2 Left
3 Right
3 Left
4 Right
4 Left
5 Right
5 Left
6 Right
6 Left
7 Right
7 Left
8 Right
8 Left
9 Right
9 Left
10 Right
10 Left
11 Right
11 Left
12 Right
12 Left
13 Right
13 Left
14 Right
14 Left
15 Right
15 Left
16 Right
16 Left
17 Right
17 Left
 
Answer Stats
Answer % Correct
1 Left
100%
10 Right
25%
2 Left
25%
3 Right
25%
4 Right
25%
5 Right
25%
6 Left
25%
7 Left
25%
8 Right
25%
9 Left
25%
11 Left
0%
12 Left
0%
13 Left
0%
14 Left
0%
15 Right
0%
16 Left
0%
17 Left
0%
No matching quizzes found
Score Distribution
Percent of People with Each Score
Percentile by Number Answered
Your Score History
You have not taken this quiz